000 00397cam a2200169 4500
001 D13104
008 090401t1936 xxu||||| |||| 00| 0 eng d
035 _a(Sirsi) u7772
041 _aeng
100 _aJennings, W.Ivor
245 4 _aThe law of public health 1936
260 _aLondon
_bCharles Knight and Co
_c1936
350 _a0
520 _aShelf 183
942 _n0
948 _c04/03/1997
999 _c86443
_d86443